Perspectivas para o desenvolvimento prt̀icas, leis e polt̕icas /

Detalles Bibliográficos
Autor principal: Goulart de Sena Orsini, Adriana
Otros Autores: Wagner, Daize Fernanda
Formato: eBook
Lenguaje:portugués
Publicado: Belo Horizonte: Initia Via Editora, 2020
Materias:
Acceso en línea:Acceso restringido

MARC

LEADER 00000nam a22000007a 4500
005 20210426211128.0
007 cr|||| ||||
008 210426s2020 br |||||s|||| 00||0 por d
020 |a 978-85-9547-053-8 
035 |a 33145 
040 |a vLex 
090 |c 11523  |d 11523 
100 1 |a Goulart de Sena Orsini, Adriana 
245 1 0 |a Perspectivas para o desenvolvimento  |h [Recurso electrn̤ico] :  |b prt̀icas, leis e polt̕icas /  |c Adriana Goulart de Sena Orsini, Daize Fernanda Wagner 
256 |a Servicio en ln̕ea 
260 |a Belo Horizonte:  |b Initia Via Editora,  |c 2020 
300 |a 1 recurso electrn̤ico 
506 1 |a Disponible solo en los productos indicados  |d vLex Global  |d vLex Global (Academic Edition, excluding Law Schools)  |d vLex Global (U.S. Academic Edition, Law Schools)  |d vLex Global (U.S. Academic Edition, excluding Law Schools)  |d vLex Global (Academic Edition, Law Schools) 
650 0 4 |a Ciencias sociales  |z Brasil 
700 1 |a Wagner, Daize Fernanda 
740 0 |a vLex Libros (Servicio en ln̕ea) 
856 4 0 |u https://vlex.com/source/perspectivas-desenvolvimento-praticas-leis-politicas-33145  |z Acceso restringido 
942 |c BOOK 
999 0 |a Social Sciences